000 01803nam a2200397 c 4500
003 BLK
005 20250128005513.0
008 180409b bul|||||r ||||||| ||bul||
010 _aKNG00138829000
040 _aBLK
041 _aBUL
_cBUL
080 _aВътрешна политика. Вж и 329
_b323
_x(497.2)
_z323(497.2)
080 _aСпециална част на наказателното право. Видове наказуеми действия - Срещу собствена или чужда държава и управлението, политически престъпления,геноцид(прав.аспекти), наркотрафик, против мира, обществен
_b343.3/.7
_x(497.2)
_z343.3/.7(497.2)
100 1 _aБонев, Ангел
_eпърви автор
_9323523
139 _aБонев, Ангел
_bБ 62
245 1 0 _aКъм дело № 1
_bФакти, док., очевидци...
_cАнгел Бонев.
257 _aBGR
260 София
_bЗемиздат
_c1991
300 _a112 с.
_bс факс.
_c20 см
380 _a3
500 _a50 000 тир.
650 4 _aСъдебни процеси - България
_9252455
650 0 _aБългария - вътрешна политика
_9241559
651 4 _aБългария
_9241624
653 _aсъдебни процеси
653 _aвътрешна политика
653 _aфакти
653 _aдокументи
653 _aбългарска история
852 _aЦб 164748
856 4 _qpdf
_u
856 4 _qpdf
_u
942 _cKNG
_n0
944 _aCR
_c02.02.2013
_lCRON CRON
_k
944 _aED
_c02.02.2013
_l02.02.2013 - от С1,Р / 02.02.2013
_k
999 _c132944
_d132944